|
|
|
|
| LEADER |
02712nam a2200337 a 4500 |
| 001 |
0019450 |
| 003 |
BD-DhAAL |
| 008 |
091025s2005 mau b 001 0 eng d |
| 010 |
|
|
|a \\2003067212
|
| 020 |
|
|
|a 0321226593 (alk. paper)
|
| 020 |
|
|
|a 0321248449
|
| 040 |
|
|
|a DLC
|c DLC
|d DLC
|d BD-DhAAL
|
| 082 |
0 |
0 |
|a 330
|2 22
|
| 100 |
1 |
|
|a Parkin, Michael,
|d 1939-
|
| 245 |
1 |
0 |
|a Economics /
|c Michael Parkin.
|
| 250 |
|
|
|a Seventh edition.
|
| 260 |
|
|
|a Boston :
|b Pearson/Addison Wesley,
|c c2005.
|
| 300 |
|
|
|a xlviii, 834 p. :
|b ill. (some col.) ;
|c 26 cm
|
| 504 |
|
|
|a Includes bibliographical references and index.
|
| 526 |
|
|
|a ESS
|x A K Iftekharul Haque
Lecturer
Department of Economics and Social Sciences (ESS)
BRAC University
Course No. ECO 105
|
| 541 |
1 |
|
|e 0019450
|a Trim Education
|
| 650 |
|
0 |
|a Economics.
|
| 852 |
4 |
|
|a Ayesha Abed Library
|c General Stacks
|
| 942 |
0 |
0 |
|0 2
|2 ddc
|c BK
|
| 999 |
|
|
|c 7297
|d 7297
|
| 952 |
|
|
|0 0
|1 4
|2 ddc
|4 1
|6 330_000000000000000_PAR
|7 0
|9 7708
|a BRACUL
|b BRACUL
|d 2010-02-02
|g 440.00
|l 18
|m 72
|o 330 PAR
|p 3010019450
|r 2014-12-18
|s 2014-09-28
|t 1
|w 2010-02-02
|y BK
|x Koha Inventory 2020
|
| 952 |
|
|
|0 0
|1 0
|2 ddc
|4 0
|6 330_PAR_200500000000000
|7 0
|9 11976
|a BRACUL
|b BRACUL
|c GEN
|d 2010-09-22
|e Trim Education
|g 9750.00
|l 61
|m 383
|o 330 PAR
|p 3010020819
|r 2025-09-21
|s 2025-07-21
|t 6
|v 19500.00
|w 2010-09-22
|y BK
|x Transferred from ENH to Ayesha Abed library on 20/12/2023 ; Requisitioned by A K Iftekharul Haque (Lecturer, Department of Economics and Social Sciences (ESS), BRAC University) for the course no. ECO 105.
|
| 952 |
|
|
|0 0
|1 0
|2 ddc
|4 0
|6 330_PAR_200500000000000
|7 0
|9 11977
|a BRACUL
|b BRACUL
|d 2010-09-22
|e Trim Education
|g 9750.00
|l 49
|m 405
|o 330 PAR
|p 3010020818
|r 2026-01-12
|s 2025-10-13
|t 5
|v 19500.00
|w 2010-09-22
|y BK
|x Requisitioned by A K Iftekharul Haque (Lecturer, Department of Economics and Social Sciences (ESS), BRAC University) for the course no. ECO 105.
|
| 952 |
|
|
|0 0
|1 0
|2 ddc
|4 0
|6 330_PAR_200500000000000
|7 0
|9 11978
|a BRACUL
|b BRACUL
|c GEN
|d 2010-09-22
|e Trim Education
|g 9750.00
|l 43
|m 385
|o 330 PAR
|p 3010020816
|r 2026-05-19
|s 2026-03-02
|t 3
|v 19500.00
|w 2010-09-22
|y BK
|x Requisitioned by A K Iftekharul Haque (Lecturer, Department of Economics and Social Sciences (ESS), BRAC University) for the course no. ECO 105.
|
| 952 |
|
|
|0 0
|1 0
|2 ddc
|4 0
|6 330_PAR_200500000000000
|7 0
|9 11980
|a BRACUL
|b BRACUL
|c CIR
|d 2010-09-22
|e Trim Education
|g 9750.00
|l 34
|m 47
|o 330 PAR
|p 3010020817
|r 2022-09-25
|s 2022-09-25
|t 4
|v 19500.00
|w 2010-09-22
|y 1HOUR
|x Requisitioned by A K Iftekharul Haque (Lecturer, Department of Economics and Social Sciences (ESS), BRAC University) for the course no. ECO 105.
|
| 952 |
|
|
|0 0
|1 0
|2 ddc
|4 0
|6 330_PAR_200500000000000
|7 0
|9 12138
|a BRACUL
|b BRACUL
|c GEN
|d 2010-09-27
|l 53
|m 387
|o 330 PAR
|p 3010020474
|r 2026-01-15
|s 2025-10-09
|t 2
|w 2010-09-27
|y BK
|